A designer`s manual for the energy efficient refurbishment of housing (Record no. 92534)

MARC details
000 -LEADER
fixed length control field 00635cam a2200217 4500
001 - CONTROL NUMBER
control field B2310
008 - FIXED-LENGTH DATA ELEMENTS--GENERAL INFORMATION
fixed length control field 090401t xxu||||| |||| 00| 0 eng d
035 ## - SYSTEM CONTROL NUMBER
System control number (Sirsi) u49233
041 ## - LANGUAGE CODE
Language code of text/sound track or separate title eng
050 ## - LIBRARY OF CONGRESS CALL NUMBER
Classification number 690.231
110 ## - MAIN ENTRY--CORPORATE NAME
Corporate name or jurisdiction name as entry element British Standards Institution
9 (RLIN) 130
245 #2 - TITLE STATEMENT
Title A designer`s manual for the energy efficient refurbishment of housing
260 ## - PUBLICATION, DISTRIBUTION, ETC.
Place of publication, distribution, etc. Milton Keynes
Name of publisher, distributor, etc. British Standards Institution
Date of publication, distribution, etc. 1989?
300 ## - PHYSICAL DESCRIPTION
Extent 44p. : ill. ; 30cm.
350 ## - PRICE (NR) (BK AM CF MU VM SE) [OBSOLETE]
Price 75
650 ## - SUBJECT ADDED ENTRY--TOPICAL TERM
Topical term or geographic name entry element BUILT ENVIRONMENT-CONSTRUCTION DESIGN
650 ## - SUBJECT ADDED ENTRY--TOPICAL TERM
Topical term or geographic name entry element ENERGY CONSERVATION
700 ## - ADDED ENTRY--PERSONAL NAME
Personal name EDC Partnership.,
International Standard Serial Number Editor
942 ## - ADDED ENTRY ELEMENTS (KOHA)
Suppress in OPAC 0
948 ## - LOCAL PROCESSING INFORMATION (OCLC); SERIES PART DESIGNATOR (RLIN)
c (OCLC) 04/03/1997
Holdings
Withdrawn status Lost status Source of classification or shelving scheme Damaged status Not for loan Home library Current library Shelving location Date acquired Cost, normal purchase price Total Checkouts Full call number Barcode Date last seen Date last checked out Copy number Cost, replacement price Price effective from Koha item type
    Dewey Decimal Classification     London London Folio 05/03/1992 75.00 5 F690.231 30017982 06/08/2019 20/01/2010 1 75.00 06/08/2019 Book